000
00339nam a2200145Ia 4500
008
230718s9999 xx 000 0 und d
041
_a
Eng.
082
_a
657
_b
PRO-A
100
_a
Professional
245
0
_a
Accenting for Business
260
_a
Pakistan
_b
Professional Education
_c
2005
300
_a
582
650
_a
Law
999
_c
27196
_d
27196